| 000 | 00557nam a22001697a 4500 | ||
|---|---|---|---|
| 005 | 20251108175613.0 | ||
| 008 | 250721s2017 xx 000 0 ara d | ||
| 082 | 1 | 4 | _a818.02/فقي |
| 100 | 1 | _aفقيه، محمد حسن | |
| 245 | 1 | 0 | _aشذرات : حكم و خواطر ... و عبر /ألف خاطرة .... و خاطرة / |
| 264 | 1 |
_aعمان : _bدار الفاروق للنشر والتوزيع، _c2017. |
|
| 300 | _aج2. | ||
| 650 | 1 | 7 | _aالادب العربي |
| 650 | 1 | 7 | _aالحكم و الامثال |
| 942 |
_2ddc _cBK |
||
| 999 |
_c138022 _d138022 |
||